Chanson à trous : Lorie - Je serai (ta meilleure amie) - Statistiques

Statistiques générales
  • Ce quiz a été pris 80 fois
  • Le résultat moyen est 8 sur 10
Statistiques - réponses
Couplets Je serai (ta meilleure amie) % Correct
5 Je serai, toujours la même Un peu {bohème} Prête à faire des folies
94%
7 On ne laissera rien {au} {hasard} Car tu sais que je resterai Ta meilleure amie
89%
6 Je serai Même si la vie nous sépare Celle qui te redonnera {l}'{espoir}
87%
4 Je serai là, toujours pour toi N'importe où {quand} {tu} {voudras}
80%
1 On se connait depuis {quelques} {temps} Même si on se parlait peu souvent, c'est vrai
79%
3 J'ai envie qu'on se dise tous nos {moindres} {secrets} Car je resterai, ta meilleure amie
74%
2 Tu lis en moi comme dans un livre ouvert Je te sens {si} {fragile}, le coeur à découvert
74%
8 Et si des fois on se chamaille Pour {un} {garçon} ou pour un détail
71%
9 Et ça donne Tout pour toi, tout pour moi J'ai bien l'impression qu'on {se} {ressemble} On est bien ensemble
61%
10 J'ai envie qu'on se parle {de} {tout} {et} {de} {rien} Car je resterai ta meilleure amie
57%
Aucun quiz correspondant
Distribution des résultats
% des personnes avec chaque résultat
Percentile par nombre de réponses
Votre historique - résultats
Vous n’avez pas pris ce quiz